书目信息 |
| 题名: |
丛书集成初编
|
|
| 作者: | 凌廷堪 著 | |
| 分册: | 1017 礼经释例 | |
| 出版信息: | 北京 中华书局 1985 |
|
| 页数: | 117-259页 | |
| 开本: | 20cm | |
| 丛书名: | ||
| 单 册: | ||
| 中图分类: | Z12 | |
| 科图分类: | ||
| 主题词: | 丛书--中国 | |
| 电子资源: | ||
| ISBN: | ||
| 000 | 00690nam0 2200253 450 | |
| 001 | 0638626631 | |
| 005 | 20060818163005.93 | |
| 010 | @dCNY10000.00(套价) | |
| 100 | @a20060802d1985 km y0chiy0120 ea | |
| 101 | 0 | @achi |
| 102 | @aCN@b110000 | |
| 102 | @aCN@b110000 | |
| 102 | @aCN@b110000 | |
| 200 | 1 | @a丛书集成初编@Acong shu ji cheng chu bian@i礼经释例@h1017@h三@f凌廷堪著@Fling ting kan zhu |
| 205 | @a新1版 | |
| 210 | @a北京@c中华书局@d1985 | |
| 215 | @a117-259页@d20cm | |
| 517 | 1 | @a一@Ayi |
| 517 | 1 | @a礼经释例@Ali jing shi li |
| 606 | 0 | @a丛书@x中国 |
| 690 | @aZ12@v4 | |
| 701 | 0 | @a凌廷堪@Aling ting kan@4著 |
| 801 | 0 | @aCN@bPFT@c20060818 |
| 905 | @a10447@dZ12@e53:1017 | |
| 丛书集成初编.礼经释例.1017.三/凌廷堪著.-新1版.-北京:中华书局,1985 |
| 117-259页;20cm |
| ISBN :CNY10000.00(套价) |
| ● |
| 相关链接 |
|
|
|
|
正题名:丛书集成初编
索取号:Z12/53:1017
 
预约/预借
| 序号 | 登录号 | 条形码 | 馆藏地/架位号 | 状态 | 备注 |
| 1 | 0464205 | 204642057 | 密集书库/ [索取号:Z12/53:1017] | 在馆 |